Pays ayant le plus de médailles olympiques en gymnastique - Statistiques

Statistiques générales
  • Ce quiz a été pris 636 fois
  • Le résultat moyen est 11 sur 17
Statistiques - réponses
O S B Médailles Pays % Correct
37 42 35 114 États Unis
99%
3 10 9 22 France
98%
26 18 17 61 Chine
96%
31 33 34 98 Japon
91%
10 15 19 44 Russie
91%
14 12 15 41 Allemagne / Allemagne de l'Ouest
83%
6 13 17 36 Allemagne de l'est
83%
14 5 9 28 Italie
82%
2 3 9 14 Grande Bretagne
80%
25 20 26 71 Roumanie
64%
81 72 47 200 Union soviétique / Équipe unifiée
51%
16 19 14 49 Suisse
50%
5 3 4 12 Ukraine
48%
15 11 14 40 Hongrie
39%
8 5 12 25 Finlande
28%
5 2 4 11 Yougoslavie
26%
12 13 10 35 Tchécoslovaquie
22%
Aucun quiz correspondant
Distribution des résultats
% des personnes avec chaque résultat
Percentile par nombre de réponses
Votre historique - résultats
Vous n’avez pas pris ce quiz